Nguyễn Công Hoan về tac gia và tác phẩm

.

Zapisane w:
Opis bibliograficzny
Kolejni autorzy: Lê Thị Đức Hạnh
Format: Książka
Język:Vietnamese
Wydane: H. Nxb Giáo dục 2001
Wydanie:Tái bản lần thứ nhất
Etykiety: Dodaj etykietę
Nie ma etykietki, Dołącz pierwszą etykiete!
Thư viện lưu trữ: Mạng thư viện Đại học Đà Nẵng
LEADER 01003nam a2200313 4500
001 000004150
003 280
005 20121211001256.0
008 110715s2001 viesd
020 |c 54000 
041 0 |a vie 
082 |a 895.9223  |b NG-H 
245 0 |a Nguyễn Công Hoan về tac gia và tác phẩm  |c Lê Thị Đức Hạnh 
250 |a Tái bản lần thứ nhất 
260 |a H.  |b Nxb Giáo dục  |c 2001 
300 |a 636tr  |c 24cm 
520 |a . 
700 |a Lê Thị Đức Hạnh 
910 |a Ngô Văn Đường 
OWN |a LSP 
AVA |a UDN50  |b LSP  |d 895.9223 NG-H  |e available  |t Error 5001 Not defined in file expand_doc_bib_avail.  |f 5  |g 0  |h N  |i 0  |k 1 
999 |a From the UDN01 
AVA |a UDN50  |b LSP  |d 895.9223 NG-H  |e available  |t Error 5001 Not defined in file expand_doc_bib_avail.  |f 5  |g 0  |h N  |i 0  |k 1 
TYP |a Monograph 
TYP |a Printed language 
980 |a Mạng thư viện Đại học Đà Nẵng